00319nam a2200121Ia 4500082001700000100001600017245003300033260004200066300001600108650003600124700001800160700001900178 aRR 423 YUL-; aYule, Henry 0aDictionary of Indian English aMadrasbIndian University Pressc1969 axlvi, 353p. aEnglish language - Dictionaries aBurnell, A.C. aKurian, G.B.T.